00466nam a2200157Ia 450000500170000000800410001702000180005804000190007604100120009508200160010724501010012326000300022430000110025465000330026585000100029820230228110924.0131103s9999 xx 000 0 und d aSBN 705100189 aLoreto College aEnglish a821.08bSPR 4aThe Spring anthology 1968b a compilation of representative verse from the world's living poets  aLondonbMitre Pressc1968 a168p.  aEnglish Poetry - Collections aLCLIB